Inverse problems and related topics / (رقم التسجيلة. 972)

تفاصيل مارك
000 -الفاتح
حقل البيانات ثابتة الطول 00826pam a22002654a 4500
001 - رقم الضبط
رقم الضبط 43115267
003 - محدد رقم الضبط
رقم الضبط OCoLC
005 - وقت وتاريخ اخر تعامل مع التسجيلة
رقم الضبط 20150408113724.0
008 - عناصر البيانات ثابتة الطول - معلومات عامة
حقل البيانات ثابتة الطول 991227s2000 flua b 100 0 eng
010 ## - رقم ضبط مكتبة الكونجرس
رقم ضبط مكتبة الكونجرس 99462330
020 ## - الرقم الدولى المعيارى للكتب
الرقم الدولى المعيارى للكتاب 1584881917 (alk. paper)
040 ## - مصدر الفهرسة
وكالة الفهرسة الأصلية DLC
وكالة النسخ DLC
وكالة التعديل CIN
042 ## - رمز التحقق
رمز التحقق pcc
050 00 - رقم طلب مكتبة الكونجرس
رقم التصنيف QA374
رقم المادة .I59 2000
082 00 - رقم تصنيف ديوى العشرى
رقم التصنيف 515.35
رقم الطبعة 21
245 00 - بيان العنوان
العنوان Inverse problems and related topics /
بيان المسئوليه,etc G. Nakamura ... [et al.], (editors)
260 ## - PUBLICATION, DISTRIBUTION, ETC. (IMPRINT)
مكان الناشر او الموزع Boca Raton
اسم الناشر او الموزع Chapman & Hall/CRC,
تاريخ النشر أو التوزيع c2000.
300 ## - الوصف المادى
التعداد vii, 233 p.
تفاصيل ماديه اخرى للوعاء ill. ;
أبعاد الوعاء 24 cm.1
440 ## - بيان السلسلة/مدخل إضافى-العنوان
العنوان Chapman & Hall/CRC research notes in mathematics
رقم المجلد/ التعيين التسلسلي 419
9 (RLIN) 4430
490 ## - بيان السلسلة
رقم المجلد/ التعيين التسلسلي 419.
650 ## - المدخل الاضافى بالموضوع-مصطلح موضوعى
مصطلح موضوعي أو اسم جغرافي كعنصر مدخل Inverse problems (Differential equations)
التقسيم الفرعي الشكلي Congresses.1
9 (RLIN) 4431
700 ## - المدخل الاضافى - اسم شخصى
التواريخ المصاحبة للاسم 1928-
الإسم الشخصى Nakamura, Gisaku,-
9 (RLIN) 4432
830 ## - المدخل الاضافى بالسلسلة -عنوان موحد
رقم المجلد/ التعيين التسلسلي 419.\\
9 (RLIN) 4433
942 ## - عناصر المدخل الإضافي( كوها)
مصدر التصنيف او مخطط الترفيف Dewey Decimal Classification
Koha [default] item type DVD
المقتنيات
حالة الفقد نموذج السعر الفعال حالة تلف ليس للاعارة رقم الطلب تاريخ الاكتساب الموقع الحالي الباركود الفرع الرئيسي Date last seen نوع المادة فى نظام كوها مصدر التصنيف او خطة الترفيف Total Checkouts
  2013-03-10     515.35 I N P 2011-09-14 المكتبة المركزية بالمجمعة (CL) 00049434 المكتبة المركزية بالمجمعة (CL) 2013-03-10 كتاب Dewey Decimal Classification  
  2013-03-10     515.35 I N P 2011-09-14 المكتبة المركزية بالمجمعة (CL) 00049433 المكتبة المركزية بالمجمعة (CL) 2013-03-10 كتاب Dewey Decimal Classification  
  2013-03-10     515.35 I N P 2011-09-14 المكتبة المركزية بالمجمعة (CL) 00049431 المكتبة المركزية بالمجمعة (CL) 2013-03-10 كتاب Dewey Decimal Classification